000
00323nam a22001457a 4500
003
SGT
020
_a
978-0-19-881474-0
082
_a
615.19
_b
A18A
100
_a
ATKINS,PETER
245
_a
ATKINS' PHYSICAL CHEMISTRY
260
_a
UNITED KINGDOM
_b
OXFORD
_c
2018
300
_a
858
650
_a
PHARMACY
942
_2
ddc
_c
BK
_0
1
999
_c
16112
_d
16112